The private life of Mona Lisa (Record no. 350641)
[ view plain ]
| 000 -LEADER | |
|---|---|
| fixed length control field | 00893cam a2200301 i 4500 |
| 001 - CONTROL NUMBER | |
| control field | 871544 |
| 003 - CONTROL NUMBER IDENTIFIER | |
| control field | OSt |
| 005 - DATE AND TIME OF LATEST TRANSACTION | |
| control field | 20180116183022.0 |
| 008 - FIXED-LENGTH DATA ELEMENTS--GENERAL INFORMATION | |
| fixed length control field | 790726s1976 enk b 000 1 eng |
| 010 ## - LIBRARY OF CONGRESS CONTROL NUMBER | |
| LC control number | 79313925 |
| 015 ## - NATIONAL BIBLIOGRAPHY NUMBER | |
| National bibliography number | GB76-07637 |
| 020 ## - INTERNATIONAL STANDARD BOOK NUMBER | |
| International Standard Book Number | 0002215497 : |
| Terms of availability | £3.95 |
| 040 ## - CATALOGING SOURCE | |
| Original cataloging agency | DLC |
| Transcribing agency | DLC |
| Modifying agency | DLC |
| 050 00 - LIBRARY OF CONGRESS CALL NUMBER | |
| Classification number | PZ3.L215 |
| Item number | Pr 1976 |
| Classification number | PS3523.A465 |
| 082 00 - DEWEY DECIMAL CLASSIFICATION NUMBER | |
| Classification number | 813.54 MUR 1976 |
| 100 1# - MAIN ENTRY--PERSONAL NAME | |
| Personal name | La Mure, Pierre. |
| 245 14 - TITLE STATEMENT | |
| Title | The private life of Mona Lisa |
| Statement of responsibility, etc. | [by] Pierre La Mure. |
| 260 ## - PUBLICATION, DISTRIBUTION, ETC. | |
| Place of publication, distribution, etc. | London |
| Name of publisher, distributor, etc. | Collins, |
| Date of publication, distribution, etc. | 1976. |
| 300 ## - PHYSICAL DESCRIPTION | |
| Extent | 411 p. ; |
| Dimensions | 22 cm. |
| 440 ## - SERIES STATEMENT/ADDED ENTRY--TITLE | |
| Title | The private life of Mona Lisa |
| 504 ## - BIBLIOGRAPHY, ETC. NOTE | |
| Bibliography, etc. note | Bibliography: p. 407-411. |
| 600 10 - SUBJECT ADDED ENTRY--PERSONAL NAME | |
| Personal name | Del Giocondo, Lisa, |
| Dates associated with a name | 1479- |
| General subdivision | Fiction. |
| 650 #0 - SUBJECT ADDED ENTRY--TOPICAL TERM | |
| Topical term or geographic name entry element | Artists' models |
| General subdivision | Fiction. |
| 651 #0 - SUBJECT ADDED ENTRY--GEOGRAPHIC NAME | |
| Geographic name | Italy |
| General subdivision | Fiction. |
| 655 #7 - INDEX TERM--GENRE/FORM | |
| Genre/form data or focus term | Biographical fiction. |
| Source of term | gsafd |
| 906 ## - LOCAL DATA ELEMENT F, LDF (RLIN) | |
| a | 7 |
| b | cbc |
| c | orignew |
| d | 3 |
| e | ncip |
| f | 19 |
| g | y-gencatlg |
| 942 ## - ADDED ENTRY ELEMENTS (KOHA) | |
| Source of classification or shelving scheme | |
| Koha item type | Book |
| Withdrawn status | Lost status | Source of classification or shelving scheme | Damaged status | Not for loan | Collection code | Permanent Location | Current Location | Shelving location | Date acquired | Total Checkouts | Full call number | Barcode | Date last seen | Date last checked out | Price effective from | Koha item type |
|---|---|---|---|---|---|---|---|---|---|---|---|---|---|---|---|---|
| Central Library (CL) | Central Library (CL) | Fiction | 11/26/2015 | 7 | 813.54 MUR 1976 | NBSD-2236 | 11/29/2024 | 09/24/2024 | 11/26/2015 | Book |
